[Event "35th San Sebastian Open"]
[Site "Donostia ESP"]
[Date "2012.04.05"]
[Round "7"]
[White "Satyapragyan,S"]
[Black "Hansen,TR"]
[Result "0-1"]
[WhiteElo "2432"]
[BlackElo "2469"]

1.e4 c5 2.Nc3 Nc6 3.Nge2 g6 4.d4 cxd4 5.Nxd4 Bg7 6.Be3 Nf6 7.Bc4 O-O 8.Bb3 d6
9.f3 Bd7 10.Qd2 Na5 11.O-O-O Rb8 12.Bh6 Bxh6 13.Qxh6 e5 14.Nde2 b5 15.Kb1 Nxb3
16.cxb3 b4 17.Nd5 Nxd5 18.Rxd5 Be6 19.Rd2 Rb6 20.Nc1 Ra6 21.h4 f6 22.f4 Qe7
23.Rf1 Bg4 24.Nd3 d5 25.Nf2 Be6 26.f5 gxf5 27.exd5 Bd7 28.Rc1 f4 29.Qh5 Be8
30.Qe2 Bg6+ 31.Ne4 Qb7 32.Ka1 Rc8 33.Rxc8+ Qxc8 34.Rc2 Qb7 35.h5 Qb6 36.a4 bxa3
37.Nxf6+ Kg7 38.h6+ Kxh6 39.Ng4+ Kg5 40.bxa3 Rxa3+  0-1

[Event "5th Pedro Montalvo"]
[Site "Las Palmas ESP"]
[Date "2012.04.05"]
[Round "5"]
[White "Espinosa Aranda,A"]
[Black "Vega Gutierrez,S"]
[Result "1/2-1/2"]
[WhiteElo "2399"]
[BlackElo "2323"]

1.e4 c5 2.Nf3 Nc6 3.Nc3 Nf6 4.d4 cxd4 5.Nxd4 e5 6.Ndb5 d6 7.Bg5 a6 8.Na3 b5
9.Nd5 Be7 10.Bxf6 Bxf6 11.c4 b4 12.Nc2 O-O 13.Be2 a5 14.O-O Bg5 15.Qd3 Be6
16.Rfd1 Ra7 17.h3 g6 18.Nde3 Bxe3 19.Qxe3 Rd7 20.Rd2 Nb8 21.Rad1 Qc7 22.b3 Na6
23.f4 Qc5 24.fxe5 Qxe5 25.Bf3 Nc5 26.Qd4 Re8 27.Ne3 h5 28.Nd5 Bxd5 29.Qxe5 dxe5
30.cxd5 Kf8 31.Rc2 Nb7 32.Rdc1 Nd6 33.Kf2 Ra7 34.a4 bxa3 35.Ra2 Rb8 36.Rxa3 Rb4
37.Rca1 h4 38.Rxa5 Rxa5 39.Rxa5 Rxb3 40.Ra8+ Ke7 41.Rh8 Rb2+ 42.Ke3 Rb3+
43.Kf2 Rb2+ 44.Ke3 f5 45.Rxh4 f4+ 46.Kd3 Rb3+ 47.Kc2 Re3 48.Rh7+ Kf6 49.Ra7 Nxe4
50.Ra6+ Kg5 51.h4+ Kf5 52.d6 Nf6 53.Bc6 Ke6 54.d7 Nxd7 55.Bb5+ Ke7 56.Ra7 Rg3
57.Rxd7+ Ke6 58.Rd2 e4 59.Bc6 f3 60.Bxe4 Rxg2  1/2-1/2

[Event "O2C Doeberl Cup Premier 2012"]
[Site "Canberra AUS"]
[Date "2012.04.06"]
[Round "4.20"]
[White "Chan Yi Ren,D"]
[Black "Webster,David"]
[Result "1-0"]
[WhiteElo "2342"]
[BlackElo "1944"]

1.e4 c5 2.Ne2 Nc6 3.Nbc3 d6 4.d4 cxd4 5.Nxd4 e5 6.Ndb5 a6 7.Na3 b5 8.Nd5 Nf6
9.Bg5 Be7 10.Bxf6 Bxf6 11.c3 Bg5 12.Nc2 O-O 13.Nce3 Kh8 14.Bd3 Be6 15.O-O Ne7
16.a4 bxa4 17.Rxa4 a5 18.Qh5 Ng6 19.g3 Bh6 20.Nf5 Qg5 21.Qxg5 Bxg5 22.h4 Bxd5
23.exd5 Bf6 24.Rfa1 Ne7 25.Rxa5 Rxa5 26.Rxa5 Nxf5 27.Bxf5 g6 28.Bd3 Rb8 29.Ra2 h5
30.Kf1 Kg7 31.Ke2 g5 32.hxg5 Bxg5 33.b4 h4 34.gxh4 Bxh4 35.Ra7 Bf6 36.Kd2 Bd8
37.Rd7 Bg5+ 38.Kc2 Rb6 39.Kb3 Kf8 40.Ka4 Bd2 41.Rc7 Be1 42.f3 Rb8 43.Kb3 Ke8
44.Ba6 f5 45.Bb7 e4 46.fxe4 fxe4 47.Rh7 Kd8 48.Bc6 Bg3 49.Rd7+ Kc8 50.Rg7 Bf2
51.Bd7+ Kd8 52.Bf5 e3 53.Rd7+ Ke8 54.Rxd6 Kf7 55.Re6 Rh8 56.c4 Rh1 57.c5 Re1
58.c6 Bg3 59.Bg6+ Kg7 60.d6 e2 61.d7 Rc1 62.Bc2  1-0

[Event "OGD Prinsenstad Open A"]
[Site "Delft NED"]
[Date "2012.04.06"]
[Round "1.17"]
[White "Oranje,Richard"]
[Black "Lecomte,Robin"]
[Result "1-0"]
[WhiteElo "2068"]
[BlackElo "1803"]

1.e4 c5 2.Ne2 Nc6 3.Nbc3 g6 4.d3 Bg7 5.f4 d6 6.Ng3 e6 7.Be2 h5 8.Rf1 h4 9.Nh1 Nge7
10.Nf2 a6 11.Ng4 b5 12.e5 d5 13.a4 b4 14.Nb1 Rb8 15.Nd2 Nd4 16.Nf3 Nef5 17.Nxd4 cxd4
18.b3 Bd7 19.Bb2 Qb6 20.Rf3 Rc8 21.Rh3 Bh6 22.Qd2 Ne3 23.Nxh6 Rxh6 24.Bd1 Ke7
25.Rc1 Nf5 26.Bg4 Ng7 27.Bf3 Rg8 28.Qf2 Rgh8 29.Bd1 Nf5 30.Bg4 Ne3 31.Bxd4 Qxd4
32.Qxe3 Qc3+ 33.Ke2 d4 34.Qd2 Qc5 35.Bf3 f6 36.exf6+ Kxf6 37.Be4 Bc6 38.Bxc6 Qxc6
39.Kf2 a5 40.Re1 Rh5 41.Kg1 Rc8 42.Qf2 Qc5 43.Rxh4 Rch8 44.Rxh5 Rxh5 45.g4 Rh3
46.Re5 Qb6 47.Rb5 Qa7 48.g5+ Kf7 49.Qg2  1-0

[Event "Cebanenco Mem IM 2012"]
[Site "Kishinev MDA"]
[Date "2012.04.06"]
[Round "5"]
[White "Kalinina,O"]
[Black "Baltag,I"]
[Result "1/2-1/2"]
[WhiteElo "2280"]
[BlackElo "2420"]

1.e4 c5 2.Ne2 Nc6 3.Nbc3 Nf6 4.d4 cxd4 5.Nxd4 d6 6.f4 Qb6 7.Nf3 e6 8.Bd3 Be7
9.a3 O-O 10.Qe2 g6 11.Be3 Qc7 12.Nb5 Qb8 13.Nbd4 Bd7 14.O-O a6 15.c4 e5 16.fxe5 Ng4
17.Nxc6 bxc6 18.exd6 Bxd6 19.h3 Nxe3 20.Qxe3 Qxb2 21.e5 Be7 22.Kh1 Qc3 23.Rfc1 Qa5
24.c5 Be6 25.Bc4 Bxc5 26.Qh6 Be7 27.Bxe6 fxe6 28.Rxc6 Qd5 29.Rc7 Rf7 30.Qd2 Qxd2
31.Nxd2 Rd8 32.Nc4 Rd5 33.Rb1 Rc5 34.Rb8+ Kg7 35.Rbb7 Rxc7 36.Rxc7 Bh4 37.Rc6 Bg3
38.Kg1 Rf4 39.Nd2 Rd4 40.Nf1 Bxe5 41.Rxe6 Bd6 42.Kf2 Kf7 43.Re3 Ra4 44.Rf3+ Ke6
45.Re3+ Kf7 46.Rf3+ Kg7 47.Rd3 Bxa3 48.Rd7+ Kh6 49.Nh2 Bc5+ 50.Kf3 g5 51.Ng4+ Kg6
52.Ne5+ Kf6 53.Ng4+ Ke6 54.Rxh7 Rf4+ 55.Ke2 a5 56.Rh6+ Kd5 57.Rg6 Be7 58.Ne3+ Kd4
59.Nc2+ Kc5 60.g3 Rf5 61.Re6 Bd6 62.Ne3 Rf7 63.Nc4 Bc7 64.Nxa5 Bxg3 65.Nb3+ Kd5
66.Rg6 Bh4 67.Nd2 Rf2+ 68.Ke3 Rh2 69.Nf3 Rxh3 70.Ke2 Rh1 71.Nxh4  1/2-1/2

[Event "39th La Roda Open"]
[Site "La Roda ESP"]
[Date "2012.04.06"]
[Round "5"]
[White "Fedorchuk,S"]
[Black "Antoli Royo,J"]
[Result "1-0"]
[WhiteElo "2634"]
[BlackElo "2414"]

1.e4 c5 2.Nf3 Nc6 3.Nc3 d6 4.d4 cxd4 5.Nxd4 Nf6 6.Bg5 Bd7 7.f3 Rc8 8.Nxc6 bxc6
9.Qd2 Qa5 10.Bc4 d5 11.Bxf6 gxf6 12.exd5 cxd5 13.Bxd5 e6 14.Bb3 Qe5+ 15.Ne4 Qxb2
16.O-O Qe5 17.Rae1 f5 18.f4 Qg7 19.Ng5 Rd8 20.Qa5 Qd4+ 21.Kh1 Bb4 22.Qxf5 Qg7
23.Bxe6 fxe6 24.Nxe6 Bxe6 25.Rxe6+ Be7 26.Rfe1 Rd7 27.Qb5 Rf8 28.Rd1  1-0

[Event "5th Pedro Montalvo"]
[Site "Las Palmas ESP"]
[Date "2012.04.06"]
[Round "7"]
[White "Sanchez Quintero,R"]
[Black "Bressac,S"]
[Result "0-1"]
[WhiteElo "2084"]
[BlackElo "2243"]

1.e4 c5 2.Nf3 Nc6 3.Nc3 g6 4.d4 cxd4 5.Nxd4 Bg7 6.Be3 Nf6 7.Bc4 O-O 8.Bb3 d6
9.f3 Bd7 10.Qd2 Nxd4 11.Bxd4 b5 12.O-O a5 13.a4 bxa4 14.Nxa4 Be6 15.Bxe6 fxe6
16.Bb6 Qc8 17.Bxa5 Qa6 18.Bc3 Nxe4 19.fxe4 Rxf1+ 20.Rxf1 Qxa4 21.Bxg7 Kxg7
22.Qc3+ e5 23.Qf3 Qc4 24.b3 Qe6 25.c4 Rb8 26.h3 h5 27.Kh2 Ra8 28.Qf2 Rb8
29.Qa7 Rxb3 30.Qa8 Qg8 31.Qc6 Rb8 32.Qc7 Qd8 33.Qc6 Rc8 34.Qd5 Qg8 35.Qb7 Qe6
36.Rc1 g5 37.Qa7 Qf6 38.Kh1 g4 39.Qd7 Rxc4  0-1

[Event "FSGM April 2012"]
[Site "Budapest HUN"]
[Date "2012.04.07"]
[Round "1"]
[White "Simonian,H"]
[Black "Szabo,Ben"]
[Result "1/2-1/2"]
[WhiteElo "2469"]
[BlackElo "2317"]

1.e4 c5 2.Nc3 Nc6 3.Bb5 Nd4 4.Bc4 e6 5.Nge2 Nf6 6.O-O a6 7.a4 Nxe4 8.Nxe4 d5
9.Nxd4 cxd4 10.Bd3 dxe4 11.Bxe4 Be7 12.d3 O-O 13.c3 dxc3 14.bxc3 Qc7 15.Qb3 Rb8
16.c4 Bf6 17.Rb1 Bd7 18.Be3 Bc6 19.Ba7 Ra8 20.Bb6 Qd7 21.Bxc6 Qxc6 22.d4 Rac8
23.Rfc1 Rfe8 24.a5 h6 25.h3 Bd8 26.Qd3 Re7 27.Qa3 Qe8 28.d5 Bxb6 29.axb6 exd5
30.cxd5 Rxc1+ 31.Qxc1 Qd8 32.Qc5 Rd7 33.Rd1 Rd6 34.Qc7 Rd7 35.d6 Kh7 36.h4 h5
37.g3 g6 38.Rd4 Kg7 39.Qc5 Qf6 40.Qd5 a5 41.Qc5  1/2-1/2

[Event "O2C Doeberl Cup Premier 2012"]
[Site "Canberra AUS"]
[Date "2012.04.07"]
[Round "5.9"]
[White "Xie,G"]
[Black "Brown,An"]
[Result "1-0"]
[WhiteElo "2456"]
[BlackElo "2221"]

1.e4 c5 2.Nc3 Nc6 3.Bb5 Nd4 4.Bc4 e6 5.Nge2 a6 6.Nxd4 cxd4 7.Ne2 b5 8.Bd3 Bc5
9.O-O Bb7 10.b4 Bxb4 11.Nxd4 Nf6 12.Qe2 Qb6 13.Bb2 d6 14.a4 Bc5 15.Nb3 O-O
16.Bxf6 gxf6 17.Qg4+ Kh8 18.Qh4 Qd8 19.axb5 axb5 20.Bxb5 Rxa1 21.Rxa1 Bb6
22.d4 Rg8 23.g3 Rg6 24.Bd3 Qc8 25.Rb1 e5 26.Qh5 Kg7 27.d5 Rg5 28.Qf3 h6 29.Nd2 Bc5
30.h4 Rg6 31.Kg2 Qd7 32.Bb5 Qc7 33.Qh5 Bc8 34.Qe2 Bg4 35.f3 Bc8 36.Nc4 Qa7
37.Rh1 Qe7 38.Qe1 Kh7 39.Na5 Bd7 40.Nc6 Qe8 41.Kh2 Qa8 42.Rf1 Qa3 43.Qe2 Qb2
44.Qd3 Ba3 45.Qb3 Qxb3 46.cxb3 Rg8 47.Re1 f5 48.exf5 Bxf5 49.Ne7 Bb4 50.Ra1 Rb8
51.Ra7 Rxb5 52.Nxf5 Rxd5 53.Nxd6  1-0

[Event "16th Neckar Open"]
[Site "Deizisau GER"]
[Date "2012.04.07"]
[Round "5.3"]
[White "Istratescu,A"]
[Black "Rau,H"]
[Result "1-0"]
[WhiteElo "2633"]
[BlackElo "2464"]

1.e4 c5 2.Nf3 Nc6 3.Nc3 d6 4.d4 cxd4 5.Nxd4 Nf6 6.Bg5 e6 7.Qd2 a6 8.O-O-O Bd7
9.f4 h6 10.Bh4 Nxe4 11.Qe1 Nf6 12.Nf5 Qa5 13.Nxd6+ Bxd6 14.Rxd6 O-O-O 15.Rd1 Ne7
16.Nd5 Qxa2 17.Nb6+ Kb8 18.Nxd7+ Ka8 19.Rd3 Qa1+ 20.Kd2 Qxb2 21.Nxf6 gxf6
22.Be2 Qb4+ 23.Kc1 Qxf4+ 24.Qd2 Qc7 25.Bxf6 Rxd3 26.Bxd3 Rc8 27.Bxe7 Qxe7
28.Qxh6 Qa3+ 29.Kd1 Qa1+ 30.Qc1 Qg7 31.g3 Qg4+ 32.Kd2 e5 33.Qe1 Qb4+ 34.Kd1 Qb1+
35.Kd2 Qb4+ 36.Kd1 Qb1+ 37.Ke2 Qa2 38.Kf3 Qe6 39.Qe4 Rd8 40.Rb1  1-0

[Event "35th San Sebastian Open"]
[Site "Donostia ESP"]
[Date "2012.04.07"]
[Round "9"]
[White "Vishnu,P"]
[Black "Libiszewski,F"]
[Result "0-1"]
[WhiteElo "2406"]
[BlackElo "2523"]

1.e4 c5 2.Nc3 Nc6 3.Bb5 g6 4.Bxc6 bxc6 5.d3 Bg7 6.f4 d6 7.Nf3 Nh6 8.O-O O-O
9.Qe1 f6 10.Bd2 Nf7 11.Kh1 Rb8 12.Nd1 e5 13.fxe5 fxe5 14.b3 Be6 15.Qg3 Rb7
16.Ne3 Bh6 17.Rf2 Bf4 18.Qh4 Qxh4 19.Nxh4 Nd8 20.Raf1 Rbf7 21.g3 Bxe3 22.Bxe3 Bg4
23.Ng2 Ne6 24.Kg1 Nd4 25.Rxf7 Rxf7 26.Rxf7 Kxf7 27.Ne1 Bd1 28.Kf2 Nxc2 29.Nxc2 Bxc2
30.Ke2 Bb1 31.a3 Ba2 32.b4 cxb4 33.axb4 a6 34.d4 Ke6 35.Kf3 d5 36.dxe5 Kxe5
37.exd5 cxd5 38.Bb6 d4 39.h4 Kd5 40.Ke2 Kc4 41.Kd2 Bb1 42.Ba5 Bf5 43.Ke2 Kb3
44.Kd2 Be4 45.Bb6 Kc4 46.Ba5 Bc6 47.Bb6 Bb5 48.Ba5 d3 49.Bd8 Kxb4 50.Bf6 Kc4
51.Bc3 Kd5 52.Ke3 Bc4 53.Ba5 Kc5 54.g4 Kb5 55.Bc3 h5 56.gxh5 gxh5 57.Kd2 a5
58.Bf6 a4 59.Be7 Kc6 60.Ke3 Ba6 61.Kd2 Kd5 62.Kc3 Ke4 63.Kd2 Kd4 64.Bd6 Kc4
65.Be7 Kb3 66.Bf6 a3 67.Bc3 Bb5 68.Be5 Ka2 69.Kc1 d2+ 70.Kxd2 Kb1 71.Bd4 a2
72.Ba1 Kxa1 73.Kc2 Ba4+ 74.Kc1 Bb3  0-1

[Event "Cebanenco Mem IM 2012"]
[Site "Kishinev MDA"]
[Date "2012.04.07"]
[Round "7"]
[White "Kalinina,O"]
[Black "Vavric,P"]
[Result "1-0"]
[WhiteElo "2280"]
[BlackElo "2208"]

1.e4 c5 2.Ne2 Nc6 3.Nbc3 g6 4.d4 cxd4 5.Nxd4 Bg7 6.Be3 Nf6 7.Bc4 O-O 8.Bb3 d6
9.h3 Bd7 10.O-O Qa5 11.Nf3 Rac8 12.Re1 Qh5 13.Bf4 Rfd8 14.Nd5 Be8 15.c3 e6
16.Nxf6+ Bxf6 17.Ng5 Qxd1 18.Raxd1 e5 19.Be3 Kg7 20.Nf3 b6 21.g4 h6 22.Bd5 Ne7
23.Bb3 Nc6 24.Bc1 Na5 25.Bd5 Be7 26.Re3 Bg5 27.Nxg5 hxg5 28.b3 f6 29.Red3 Kf8
30.h4 gxh4 31.g5 Bf7 32.Rf3 Bxd5 33.Rxd5 f5 34.exf5 gxf5 35.Rxf5+ Ke7 36.c4 Rf8
37.Rxf8 Rxf8 38.Ba3 Rf5 39.Rxd6 Rxg5+ 40.Kh2 Ke8 41.Re6+ Kd7 42.Rh6 Rg4 43.Rh7+ Kc6
44.Rxa7 Rf4 45.Kg1 Rf3 46.Bb2 e4 47.Re7 h3 48.Bd4 Rf4 49.Re6+ Kd7 50.Rh6 Nc6
51.Bxb6 Rf3 52.Kh2  1-0

[Event "OGD Prinsenstad Open A"]
[Site "Delft NED"]
[Date "2012.04.08"]
[Round "4.7"]
[White "Van Liempt,Michael"]
[Black "Haver,Bas"]
[Result "0-1"]
[WhiteElo "1960"]
[BlackElo "2004"]

1.e4 c5 2.Nc3 Nc6 3.Bb5 g6 4.f4 Bg7 5.Nf3 Nd4 6.O-O Nxb5 7.Nxb5 d6 8.d3 f5
9.Qe1 Nf6 10.e5 dxe5 11.Qxe5 O-O 12.Qxc5 b6 13.Qc4+ Kh8 14.Nc7 Rb8 15.Ne6 Bxe6
16.Qxe6 Qc8 17.Qb3 Qc5+ 18.d4 Qd5 19.c3 Rb7 20.Re1 Rc8 21.Be3 e6 22.Bf2 Ne4
23.Rad1 Kg8 24.Nd2 Nxd2 25.Rxd2 Kf7 26.Rde2 Rc6 27.Bh4 Rd7 28.h3 h5 29.Bg5 a5
30.Qa4 Rc4 31.Qd1 Rc6 32.a3 b5 33.Re3 b4 34.axb4 axb4 35.Kh1 bxc3 36.bxc3 Rdc7
37.Qd2 Rc4 38.Rxe6 Rxc3 39.Re7+ Kg8 40.Rxc7 Rxh3+ 41.Kg1 Bxd4+ 42.Qf2 Bxf2+
43.Kxf2 Qd4+ 44.Ke2 Re3+ 45.Kf1 Qd3+  0-1

[Event "39th La Roda Open"]
[Site "La Roda ESP"]
[Date "2012.04.08"]
[Round "8"]
[White "Forcen Esteban,D"]
[Black "Suarez Uriel,A"]
[Result "1-0"]
[WhiteElo "2438"]
[BlackElo "2245"]

1.e4 c5 2.Nc3 Nc6 3.Bb5 Nd4 4.Bc4 g6 5.Nf3 Bg7 6.Nxd4 cxd4 7.Qf3 Nf6 8.Nb5 O-O
9.Nxd4 Qc7 10.d3 a6 11.Bb3 d6 12.Ne2 Bg4 13.Qe3 Be6 14.Bxe6 fxe6 15.c3 Ng4
16.Qg3 Nxf2 17.O-O Be5 18.Bf4 Bxf4 19.Nxf4 Rxf4 20.Qxf4 Nxd3 21.Qe3 Ne5 22.Qh3 Qc4
23.b3 Qxe4 24.Qxe6+ Kh8 25.Rae1 Qh4 26.Rxe5 dxe5 27.Qxe5+ Kg8 28.Qd5+ Kh8
29.Qxb7 Rd8 30.Qc7 Re8 31.Qc6 Rd8 32.Qxa6 Qe4 33.Qb6 Qa8 34.Qf2 Re8 35.h4 Qd5
36.Qd4+ Qxd4+ 37.cxd4  1-0

[Event "Karposh Open 2012"]
[Site "Skopje MKD"]
[Date "2012.04.10"]
[Round "5.63"]
[White "Temkov,B"]
[Black "Peev,Kosta"]
[Result "1-0"]
[WhiteElo "1952"]
[BlackElo "1625"]

1.e4 c5 2.Nf3 Nc6 3.Nc3 g6 4.d4 cxd4 5.Nxd4 Bg7 6.Be3 Nf6 7.Be2 O-O 8.O-O d5
9.exd5 Nxd5 10.Nxd5 Nxd4 11.c4 Nxe2+ 12.Qxe2 e5 13.Bc5 Re8 14.Rad1 Qh4 15.Nc7 Be6
16.b3 Rec8 17.Nxa8 Rxa8 18.Qe4 Bc8 19.Qd5  1-0

[Event "FSGM April 2012"]
[Site "Budapest HUN"]
[Date "2012.04.12"]
[Round "6"]
[White "Simonian,H"]
[Black "Flumbort,A"]
[Result "1-0"]
[WhiteElo "2469"]
[BlackElo "2530"]

1.e4 c5 2.Nc3 Nc6 3.Bb5 Nd4 4.Bc4 Nf6 5.Nge2 a6 6.a4 e6 7.O-O d5 8.exd5 exd5
9.Ba2 Bg4 10.h3 Be6 11.Nxd4 cxd4 12.Ne2 d3 13.cxd3 Bc5 14.d4 Ba7 15.d3 O-O
16.Be3 Qb6 17.Qb3 Rac8 18.Rac1 h6 19.Rc3 Qxb3 20.Rxb3 b6 21.Rc3 Bb8 22.Rfc1 Bd7
23.Bb3 Rcd8 24.Nf4 Be8 25.Rc8 Rxc8 26.Rxc8 Bd7 27.Rc1 Rd8 28.Nxd5 Nxd5 29.Bxd5 Bxa4
30.Bc6 b5 31.d5 Be5 32.Bb6 Rb8 33.Ba7 Rc8 34.d4 Bd6 35.Bc5 Rd8 36.b4 Bb3
37.Rc3 Bc4 38.Bb7 Bf8 39.Re3 f6 40.Bxa6 Kf7 41.Ra3 Rxd5 42.Ra5 Bxc5 43.dxc5 Rd1+
44.Kh2 Rb1 45.c6 Rc1 46.Bc8 Bd5 47.Ra7+  1-0

[Event "FSIM April 2012"]
[Site "Budapest HUN"]
[Date "2012.04.13"]
[Round "7"]
[White "Melkonian,V"]
[Black "Farago,S"]
[Result "1-0"]
[WhiteElo "2230"]
[BlackElo "2296"]

1.e4 c5 2.Nc3 Nc6 3.Bb5 Nd4 4.Bc4 e6 5.Nge2 a6 6.a4 Ne7 7.O-O d5 8.exd5 exd5
9.Ba2 Bg4 10.h3 Bh5 11.Re1 Nxe2+ 12.Nxe2 Qd6 13.d3 O-O-O 14.Bf4 Qc6 15.Qd2 f6
16.Bh2 g5 17.b4 Bxe2 18.b5 Qb6 19.Qxe2 h5 20.c4 Nf5 21.a5 Qxa5 22.Qe6+ Rd7
23.Qxf5 Qd8 24.cxd5 a5 25.b6 Bg7 26.Bc7  1-0

[Event "TCh-CAT 2012"]
[Site "Catalunya ESP"]
[Date "2012.04.14"]
[Round "10.5"]
[White "Alonso Moyano,J"]
[Black "Escandell,J"]
[Result "0-1"]
[WhiteElo "2396"]
[BlackElo "2273"]

1.e4 c5 2.Nc3 Nc6 3.Bb5 Nd4 4.Bc4 e6 5.Nge2 Nf6 6.O-O a6 7.d3 b5 8.Bb3 Nxb3
9.axb3 Bb7 10.f4 d5 11.e5 d4 12.exf6 dxc3 13.f5 Qxf6 14.Nxc3 exf5 15.Qe2+ Be7
16.Re1 Rd8 17.Qe5 Qxe5 18.Rxe5 f6 19.Rxf5 g6 20.Rf1 f5 21.Bf4 Kd7 22.Rae1 Rde8
23.Be5 Rhf8 24.Re2 Bd6 25.Bxd6 Kxd6 26.Rfe1 Bc6 27.Kf2 Rxe2+ 28.Rxe2 Re8
29.Rd2 Ke5 30.Ne2 Rd8 31.g3 g5 32.Rd1 Bb7 33.Ke3 h6 34.c3 Rf8 35.d4+ cxd4+
36.Rxd4 Be4 37.Rd7 Rf6 38.Re7+ Kd6 39.Ra7 Ke5 40.b4 Rd6 41.Nd4 f4+ 42.Kf2 fxg3+
43.Kxg3 Bd5 44.Re7+ Kf6 45.Rh7 Ke5 46.h4 gxh4+ 47.Kxh4 Ke4 48.Kh5 Kd3 49.Rxh6 Rxh6+
50.Kxh6 Kd2 51.Kg5 Kc1 52.b3 Kb2 53.Nxb5 axb5 54.c4 Bxc4  0-1

[Event "Sydney International Open"]
[Site "Parramatta AUS"]
[Date "2012.04.14"]
[Round "7.6"]
[White "Xie,G"]
[Black "Ovcina,D"]
[Result "0-1"]
[WhiteElo "2456"]
[BlackElo "2220"]

1.e4 c5 2.Nc3 Nc6 3.Bb5 Nd4 4.Bc4 g6 5.Nge2 Bg7 6.Nxd4 cxd4 7.Qf3 Nf6 8.e5 dxc3
9.exf6 cxd2+ 10.Bxd2 Bxf6 11.O-O-O O-O 12.h4 d5 13.Bxd5 Bf5 14.Bb3 Qc8 15.h5 a5
16.hxg6 Bxg6 17.c3 Rd8 18.Bd5 Rb8 19.g4 b5 20.Bf4 b4 21.Bxb8 bxc3 22.bxc3 Qxb8
23.Be4 Rc8 24.Rd3 Bxc3 25.Bxg6 Qb2+ 26.Kd1 hxg6 27.a3 Bb4  0-1

[Event "ch-FRA Juniors 2012"]
[Site "Nimes FRA"]
[Date "2012.04.16"]
[Round "4.5"]
[White "Samoun,F"]
[Black "Dubessay,B"]
[Result "0-1"]
[WhiteElo "2187"]
[BlackElo "2372"]

1.e4 c5 2.Nc3 Nc6 3.Bb5 Nd4 4.Bc4 e6 5.Nf3 a6 6.a4 Qc7 7.d3 Ne7 8.O-O Nec6
9.Nb1 Nxf3+ 10.Qxf3 Bd6 11.h3 O-O 12.Qe2 Rb8 13.c3 b5 14.axb5 axb5 15.Bb3 b4
16.Bc2 Bb7 17.Be3 Ra8 18.Nd2 bxc3 19.bxc3 Be5 20.Rxa8 Rxa8 21.Nb1 d6 22.Bb3 Na5
23.Ba2 Bf6 24.Bd2 Nc6 25.Bb3 Qb6 26.Bc2 Ra2 27.Qd1 Qb2 28.Bb3 Ra1 29.Qc2 Qxc2
30.Bxc2 Ba6 31.Bf4 Ne5 32.Rd1 g5 33.Bg3 Ra2 34.Bb3 Rb2 35.Bc4 Bxc4 36.Bxe5 Bb3
37.Bxf6 Bxd1 38.Na3 d5 39.exd5 exd5 40.c4 d4 41.Be7 Rb3 42.Bxc5 Rxd3 43.Nb5 Bb3
44.Nxd4 Bxc4 45.Nf5 Be6 46.Nd4 Bd7 47.Nf3 f6 48.Be3 Kg7 49.Kh2 h5 50.Kg3 Ra3
51.h4 g4 52.Nd4 Ra1 53.Ne2 Kf7 54.Nf4 Ra5 55.Kh2 Rf5 56.Ne2 Ke7 57.Bf4 Bb5
58.Nd4 Rxf4 59.Nxb5 Rxf2 60.Kg3 Rb2 61.Nd4 Kd6 62.Nf5+ Ke5 63.Ng7 Rb3+ 64.Kh2 Rb7
65.Nxh5 Rh7 66.Ng3 Rxh4+ 67.Kg1 f5 68.Ne2 Rh8 69.g3 Ra8 70.Kf2 Ra2 71.Ke3 Rxe2+
72.Kxe2 Ke4  0-1

[Event "12th BCC Open"]
[Site "Bangkok THA"]
[Date "2012.04.18"]
[Round "8"]
[White "Venkatesh,M"]
[Black "Wan Yunguo"]
[Result "1-0"]
[WhiteElo "2509"]
[BlackElo "2441"]

1.e4 c5 2.Nc3 Nc6 3.Bb5 g6 4.Bxc6 dxc6 5.d3 Bg7 6.Be3 b6 7.Qd2 e5 8.f4 exf4
9.Bxf4 Nf6 10.Nf3 O-O 11.Bh6 Be6 12.O-O Bxh6 13.Qxh6 Ng4 14.Qf4 f6 15.Ne2 Qb8
16.h3 Ne5 17.Qh4 Kg7 18.Nf4 Bg8 19.c3 Qd6 20.Qg3 Rad8 21.Nh4 Kh8 22.Rad1 g5
23.Nf5 Qd7 24.Nh5 Bxa2 25.Nxf6 Rxf6 26.Qxe5 Qe6 27.Qc7 Qd7 28.Qe5 Qe6 29.Qg3 h6
30.Ra1 Rd7 31.c4 Bb3 32.Ra3 Bc2 33.Rc1  1-0

[Event "Russian Junior Girls 2012"]
[Site "Sochi RUS"]
[Date "2012.04.18"]
[Round "2"]
[White "Bezgodova,M"]
[Black "Savina,A"]
[Result "0-1"]
[WhiteElo "2200"]
[BlackElo "2325"]

1.e4 c5 2.Nc3 Nc6 3.Bb5 Nd4 4.Bc4 g6 5.d3 Bg7 6.Nge2 e6 7.O-O Ne7 8.Nxd4 cxd4
9.Ne2 O-O 10.f4 d5 11.Bb3 dxe4 12.dxe4 b5 13.a4 Qb6 14.Kh1 Bb7 15.Ng3 h5
16.Re1 bxa4 17.Rxa4 Bc6 18.Ra3 h4 19.Nf1 Qb7 20.Qe2 Bb5 21.Qf2 h3 22.gxh3 a5
23.Nd2 Rfc8 24.Nf3 a4 25.Ba2 Bc6 26.Qe2 Ra5 27.Ng5 Rxg5 28.fxg5 Nf5 29.Kg1 Ne3
30.Bxe3 dxe3 31.Qxe3 Qxb2 32.Rd1 Bxe4 33.Rxa4 Qxc2 34.Rxe4 Qxd1+ 35.Qe1 Bd4+
36.Kg2 Rc2+ 37.Kg3 Qxe1+ 38.Rxe1 Bf2+  0-1

[Event "ch-FRA Cadets 2012"]
[Site "Nimes FRA"]
[Date "2012.04.19"]
[Round "7.2"]
[White "Sochacki,C"]
[Black "Luciani,T"]
[Result "1-0"]
[WhiteElo "2407"]
[BlackElo "1990"]

1.e4 c5 2.Nc3 Nc6 3.Nge2 d6 4.d4 cxd4 5.Nxd4 Nf6 6.g3 g6 7.Bg2 Bd7 8.Nde2 Bg7
9.h3 O-O 10.O-O Ne5 11.Kh2 Qc7 12.Nf4 e6 13.Nd3 Rac8 14.Nxe5 dxe5 15.Qf3 b5
16.Bg5 Nh5 17.a3 a5 18.Rfd1 f6 19.Be3 Bc6 20.Qe2 Nf4 21.Qf1 Nxg2 22.Qxg2 b4
23.axb4 axb4 24.Nb1 f5 25.Nd2 Ra8 26.f3 Rxa1 27.Rxa1 Ra8 28.Qf1 Rxa1 29.Qxa1 Qb7
30.Qa2 Qd7 31.Qc4 f4 32.gxf4 exf4 33.Bxf4 Be5 34.Bxe5 Qxd2+ 35.Kg3 Qe1+ 36.Kg4 Qg1+
37.Kh4 g5+ 38.Kh5 Bd7 39.Qc7 Qf2 40.Qd8+  1-0

[Event "TCh-CZE Extraliga 2011-12"]
[Site "Czech Republic CZE"]
[Date "2012.04.20"]
[Round "9.2"]
[White "Tazbir,M"]
[Black "Kanovsky,D"]
[Result "1/2-1/2"]
[WhiteElo "2520"]
[BlackElo "2462"]

1.e4 c5 2.Nf3 Nc6 3.Nc3 g6 4.Bb5 Bg7 5.O-O Nd4 6.Nxd4 cxd4 7.Ne2 Nf6 8.d3 O-O
9.c4 dxc3 10.bxc3 d5 11.e5 Nd7 12.d4 Nb6 13.Bd3 f6 14.f4 f5 15.Qe1 Be6 16.Qh4 Rc8
17.Rb1 Rc7 18.Rb3 Nc4 19.Qg5 Qe8 20.Rf2 b6 21.Rb4 Qf7 22.h3 Bd7 23.g4 e6
24.Rg2 Rfc8 25.gxf5 exf5 26.h4 Bf8 27.Rb1 Be7 28.Qg3 Kh8 29.Rh2 h5 30.Rg2 Kh7
31.Kh2 Ba4 32.Qe1 Qe6 33.Kh3 Rc6 34.Rg3 b5 35.Be3 a5 36.Bf2 Na3 37.Rb2 R8c7
38.Be3 Nc4 39.Rb1 b4 40.cxb4 Bxb4 41.Qf2 Bc2 42.Bxc2 Nxe3 43.Qxe3 Rxc2 44.a3 Be7
45.Ng1 Qa6 46.Qb3 Rc1 47.Rxc1 Rxc1 48.Qxd5 Qf1+ 49.Kh2 Qf2+ 50.Kh3 Qf1+ 51.Kh2 Qf2+
52.Qg2 Qxf4 53.Ne2 Qxh4+ 54.Rh3 Qe1 55.Nxc1 Qxc1 56.Rf3 Qd1 57.Qf2 Bh4 58.Qe3 Bg5
59.Qd3 Qe1 60.Kg2 Kh6 61.Rf2 a4 62.Qe2 Qc3 63.e6 Qxa3 64.Qe5 Be7 65.Qf4+ Kg7
66.Qe5+ Kh6 67.Qf4+ Kg7 68.Qe5+ Kh6 69.Qf4+ Kg7  1/2-1/2

[Event "ch-FRA Cadets 2012"]
[Site "Nimes FRA"]
[Date "2012.04.20"]
[Round "8.2"]
[White "Sochacki,C"]
[Black "Muller,Mat"]
[Result "1-0"]
[WhiteElo "2407"]
[BlackElo "1926"]

1.e4 c5 2.Nc3 Nc6 3.Nge2 g6 4.d4 cxd4 5.Nxd4 Bg7 6.Be3 Nf6 7.Bc4 O-O 8.Bb3 Qa5
9.O-O a6 10.Re1 d6 11.h3 Nxd4 12.Bxd4 b5 13.Nd5 Nxd5 14.Bxd5 Bxd4 15.Qxd4 Rb8
16.Qa7 Bb7 17.Bxb7 Qc7 18.Qxa6 Rxb7 19.c3 Rfb8 20.Qa3 b4 21.cxb4 Rxb4 22.b3 Qb7
23.e5 dxe5 24.Rxe5 e6 25.Rd1 Re4 26.Qd6 Rxe5 27.Qxe5 Ra8 28.Rd4 Qc8 29.a4 Qc1+
30.Kh2 Qc2 31.Qe4 Qc7+ 32.f4 Re8 33.b4 e5 34.fxe5 Rxe5 35.Qf4 Qe7 36.Rd8+ Kg7
37.Qd4 Kh6 38.Rd7 Qe6 39.Qf4+  1-0

[Event "Russian Junior Girls 2012"]
[Site "Sochi RUS"]
[Date "2012.04.20"]
[Round "4"]
[White "Bodnaruk,A"]
[Black "Savina,A"]
[Result "1-0"]
[WhiteElo "2412"]
[BlackElo "2325"]

1.e4 c5 2.Nf3 Nc6 3.Nc3 d6 4.d4 cxd4 5.Nxd4 Nf6 6.Bg5 Bd7 7.Qd2 Rc8 8.O-O-O Nxd4
9.Qxd4 Qa5 10.f4 h6 11.Bxf6 gxf6 12.Kb1 Qc5 13.Qd3 f5 14.e5 Bg7 15.Qg3 O-O
16.Bb5 Be6 17.Rhe1 dxe5 18.fxe5 Rfd8 19.Rxd8+ Rxd8 20.Bd3 b5 21.Bxb5 Rb8
22.Ba4 f4 23.Qd3 Bf5 24.Qd2 Bxe5 25.Bb3 e6 26.Nd5 Bh8 27.Nxf4 a5 28.g4 Bxg4
29.a4 Bf5 30.Nd3 Qd4 31.Ka2 Bg7 32.Re3 Rd8 33.Qe2 Bxd3 34.cxd3 Rb8 35.Rg3 Kh8
36.Qc2 Rb4 37.h3 Qh4 38.Rf3 Qh5 39.Rf2 Kg8 40.Qc8+ Kh7 41.d4 Bxd4 42.Rg2 Bg7
43.Bc2+ f5 44.Qd7 Rxb2+ 45.Ka1 Qg5 46.Rxg5 hxg5 47.Qxg7+ Kxg7 48.Kxb2 Kf6
49.Kc3 Ke5 50.Bb3 f4 51.Kd3 Kf5 52.Bd1 Ke5 53.Bf3 Kf5 54.Kd4 e5+ 55.Kd5 Kf6
56.Be4 f3 57.Bxf3 Kf5 58.Be4+ Kf4 59.Bc2 Kg3 60.Kxe5 Kxh3 61.Kd4 Kg2 62.Kc5 g4
63.Be4+  1-0

[Event "TCh-CAT 2012"]
[Site "Catalunya ESP"]
[Date "2012.04.21"]
[Round "11.9"]
[White "Almeida Toledano,D"]
[Black "Llaneza Vega,P"]
[Result "1/2-1/2"]
[WhiteElo "2347"]
[BlackElo "2220"]

1.e4 c5 2.Ne2 Nc6 3.Nbc3 Nf6 4.g3 g6 5.Bg2 Bg7 6.O-O O-O 7.Nd5 d6 8.c3 Rb8
9.d4 cxd4 10.cxd4 Bg4 11.f3 Bd7 12.Nxf6+ Bxf6 13.Be3 Qb6 14.Qd2 Qb4 15.Rad1 Rbc8
16.f4 Bg4 17.e5 Bg7 18.h3 Qxd2 19.Rxd2 Bxe2 20.Rxe2 dxe5 21.dxe5 Rfd8 22.Rc2 f6
23.exf6 Bxf6 24.Rfc1 Rd3 25.Kf2 Rcd8 26.Bxc6 bxc6 27.b3 Bd4 28.Bxd4 R3xd4
29.Re1 Rd2+ 30.Re2 Rxc2 31.Rxc2 Kf7 32.Ke3 Rd6 33.Rc5 Re6+ 34.Kf3 Rd6 35.h4 h5
36.g4 hxg4+ 37.Kxg4 Rd2 38.Ra5 Rg2+ 39.Kf3 Rg1 40.Rxa7 Rf1+ 41.Kg3 Rg1+ 42.Kf3 Rf1+
43.Ke3 Re1+ 44.Kf2 Rh1 45.Ra6 c5 46.Ra5 Rxh4 47.Rxc5 Rxf4+ 48.Ke3 Rf5 49.Rc2 g5
50.b4 Ke6 51.a4 Kd6 52.b5 Rc5 53.Rb2 Kc7 54.a5 Rc3+ 55.Kd4 Ra3 56.b6+ Kb7
57.Rb5 g4 58.Rg5 g3 59.Kc4 g2 60.Rxg2  1/2-1/2

[Event "TCh-CZE Extraliga 2011-12"]
[Site "Czech Republic CZE"]
[Date "2012.04.21"]
[Round "10.2"]
[White "Jurcik,Mari"]
[Black "Stocek,J"]
[Result "1/2-1/2"]
[WhiteElo "2474"]
[BlackElo "2600"]

1.e4 c5 2.Nf3 Nc6 3.Nc3 d6 4.d4 cxd4 5.Nxd4 Nf6 6.Bc4 e6 7.Be3 Be7 8.Bb3 O-O
9.f4 Nxd4 10.Qxd4 e5 11.Qd2 Ng4 12.f5 b6 13.Nd5 Bb7 14.O-O Rc8 15.c3 h6 16.h3 Bxd5
17.Bxd5 Nf6 18.Rad1 Kh7 19.c4 Qd7 20.Qe2 Qa4 21.b3 Qb4 22.Bd2 Qc5+ 23.Be3 Qb4
24.Rf3 a6 25.Bd2 Qc5+ 26.Be3 Qb4 27.Bd2 Qc5+ 28.Be3  1/2-1/2